Star wars - Statistics

General Stats
  • This quiz has been taken 624 times
    622 since last reset
  • The average score is 6 of 9
Answer Stats
Hint Answer % Correct
What planet did Yoda die on? Dagobah
91%
What planet is the cloning facility on? Kamino
85%
Who is Luke's adopted father and Anakin's step brother? Owen Lars
79%
What planet is the battle droid factory on? Geonosis
78%
Who is princess Lei's adopted father? Bail Organa
69%
What planet was General Grievous killed on? Utapau
69%
What planet was General Ki-Adi-Mundi killed on? Mygeeto
51%
What is princess Lei's frigate called? Tantive IV
43%
Who is the emperor's "right hand man"? Grand moff tarkin
31%
No matching quizzes found
Score Distribution
Percent of People with Each Score
Percentile by Number Answered
Your Score History
You have not taken this quiz since the last reset